| 000 | 00536nam a2200193Ia 4500 | ||
|---|---|---|---|
| 005 | 20250508163919.0 | ||
| 008 | 008 250505s9999 xx 000 0 eng d | ||
| 037 | _aTextual | ||
| 040 |
_aFEDL _beng _cFEDL |
||
| 041 |
_aeng _2eng |
||
| 084 |
_a330.954, KAL _qFEDL |
||
| 100 | _aKalam A.P.J. Abdul | ||
| 245 | 0 | _aIndia 2020 : A vision for the new millennium | |
| 260 |
_aNew Delhi, India _bViking _c1998 |
||
| 300 | _axvi,312p. | ||
| 650 | _aEconomics | ||
| 942 |
_cTEXL _h330.954, KAL |
||
| 999 |
_c1385944 _d1385944 |
||